[Event "Kvika Reykjavik Open 2022"]
[Site "Reykjavik, Iceland"]
[Date "2022.04.09"]
[Round "5.13"]
[White "Rosen, Eric"]
[Black "Beerdsen, Thomas"]
[Result "0-1"]
[WhiteElo "2359"]
[BlackElo "2496"]
[PlyCount "139"]
[EventDate "2022.??.??"]

1. d4 {[%eval 3,0]} Nf6 {[%eval 23,0]} 2. Bf4 {[%eval 0,0]} c6 {[%eval 12,0]}
3. Nd2 {[%eval 11,0]} Qb6 {[%eval 1,0]} 4. Ngf3 {[%eval 25,0]} Nh5 {[%eval 11,
0]} 5. Bxb8 {[%eval 1,0]} Rxb8 {[%eval 9,0]} 6. Rb1 {[%eval 12,0]} d6 {[%eval
3,0]} 7. e3 {[%eval 11,0]} g6 {[%eval 1,0]} 8. Be2 {[%eval 37,0]} Bg7 {[%eval
28,0]} 9. O-O {[%eval 13,0]} c5 {[%eval 1,0]} 10. c3 {[%eval 35,0]} O-O {
[%eval 39,0]} 11. Qa4 {[%eval 82,0]} Qc7 {[%eval 58,0]} 12. Rfe1 {[%eval 86,0]}
Nf6 {[%eval 52,0]} 13. e4 $6 {[%eval -96,0] Inaccuracy. dxc5 was best.} (13.
dxc5 Qxc5 14. b4 Qc7 15. c4 Bd7 16. Qa3 Rfc8 17. Rbc1 b6 18. Red1 a6 19. Nd4 e5
) 13... Bd7 {[%eval 57,0]} 14. Bb5 {[%eval 57,0]} a6 {[%eval 51,0]} 15. Bxd7 {
[%eval 39,0]} Nxd7 {[%eval 45,0]} 16. Nf1 {[%eval 71,0]} Rfc8 {[%eval 46,0]}
17. Ne3 {[%eval 55,0]} cxd4 {[%eval 29,0]} 18. cxd4 {[%eval 17,0]} Nb6 {
[%eval 4,0]} 19. Qa5 {[%eval 6,0]} Qc6 {[%eval 0,0]} 20. b3 {[%eval 0,0]} Rc7 {
[%eval 32,0]} 21. h4 {[%eval 18,0]} Rbc8 {[%eval 83,0]} 22. a4 {[%eval 102,0]}
e6 {[%eval 128,0]} 23. Re2 $4 {[%eval -273,0] Blunder. Rbc1 was best.} (23.
Rbc1 Qxc1) 23... Qxe4 {[%eval -102,0]} 24. Rbe1 {[%eval -256,0]} Qc6 $4 {
[%eval -54,0] Blunder. Nd7 was best.} (24... Nd7) 25. Qg5 $2 {[%eval -121,0]
Mistake. Rc2 was best.} (25. Rc2 Qd7) 25... h6 {[%eval -194,0]} 26. Qg3 {
[%eval -115,0]} Nd5 {[%eval -267,0]} 27. Rc2 {[%eval -256,0]} Qd7 $6 {[%eval
-181,0] Inaccuracy. Nc3 was best.} (27... Nc3 28. d5) 28. Rxc7 {[%eval -182,0]}
Rxc7 $2 {[%eval 94,0] Mistake. Nxc7 was best.} (28... Nxc7 29. Rd1 h5 30. d5
exd5 31. Nxd5 Nxd5 32. Rxd5 Rc1+ 33. Kh2 Rc6 34. Qf4 Rc5 35. Rd2) 29. Nxd5 {
[%eval 9,0]} exd5 {[%eval 98,0]} 30. Qf4 {[%eval 98,0]} Rc3 {[%eval 99,0]} 31.
Re3 {[%eval -96,0]} Rc1+ {[%eval 62,0]} 32. Kh2 {[%eval 54,0]} Rc2 {[%eval 27,
0]} 33. h5 {[%eval 47,0]} gxh5 {[%eval 54,0]} 34. Ne1 {[%eval 88,0]} Rc8 {
[%eval 59,0]} 35. Rg3 {[%eval -97,0]} Kh8 {[%eval 69,0]} 36. Nd3 {[%eval 93,0]}
Re8 {[%eval 63,0]} 37. Qf3 $2 {[%eval -4,0] Mistake. Re3 was best.} (37. Re3)
37... Re4 {[%eval -198,0]} 38. Nf4 $2 {[%eval -201,0] Mistake. Qxh5 was best.}
(38. Qxh5 Qe6 39. Qd1 Rxd4 40. Qc2 h5 41. Rg5 Rh4+ 42. Kg1 Bh6 43. Rg3 Rg4 44.
Rf3 Kg7) 38... Qf5 {[%eval -373,0]} 39. Nxh5 {[%eval -325,0]} Rh4+ {[%eval
-304,0]} 40. Rh3 {[%eval -475,0]} Qxf3 {[%eval -341,0]} 41. gxf3 {[%eval -325,
0]} Rxd4 {[%eval -398,0]} 42. f4 {[%eval -365,0]} Rd2 {[%eval -222,0]} 43. Re3
$6 {[%eval -436,0] Inaccuracy. Rg3 was best.} (43. Rg3 Rxf2+) 43... Bd4 {
[%eval -447,0]} 44. Re7 {[%eval -432,0]} Kh7 {[%eval -445,0]} 45. Rxb7 {
[%eval -432,0]} Kg6 {[%eval -431,0]} 46. Ng3 {[%eval -431,0]} Rxf2+ {[%eval
-493,0]} 47. Kh3 {[%eval -407,0]} Rxf4 $6 {[%eval -214,0] Inaccuracy. f5 was
best.} (47... f5) 48. Ne2 {[%eval -241,0]} Re4 {[%eval -291,0]} 49. Nxd4 {
[%eval -249,0]} Rxd4 {[%eval -225,0]} 50. Rb6 {[%eval -201,0]} Kf5 {[%eval
-396,0]} 51. Rxd6 {[%eval -248,0]} f6 {[%eval -267,0]} 52. Kg2 {[%eval -234,0]}
Ke5 {[%eval -236,0]} 53. Rxa6 {[%eval -202,0]} Rb4 {[%eval -211,0]} 54. Ra8 {
[%eval -221,0]} Rxb3 {[%eval -208,0]} 55. Re8+ {[%eval -400,0]} Kf5 {[%eval
-249,0]} 56. Rd8 {[%eval -212,0]} Ke4 {[%eval -223,0]} 57. Rh8 {[%eval -343,0]}
Ra3 {[%eval -391,0]} 58. Rxh6 {[%eval -349,0]} f5 {[%eval -357,0]} 59. Ra6 $6 {
[%eval -436,0] Inaccuracy. Re6+ was best.} (59. Re6+ Kf4) 59... d4 {[%eval
-500,0]} 60. Kf2 {[%eval -476,0]} Kd3 $6 {[%eval -233,0] Inaccuracy. Ra2+ was
best.} (60... Ra2+ 61. Ke1 f4 62. Re6+ Kd3 63. Re8 Rxa4 64. Rd8 Ke4 65. Re8+
Kf3 66. Rf8 Ra5 67. Kd2) 61. Ra8 $6 {[%eval -494,0] Inaccuracy. a5 was best.} (
61. a5 Ke4) 61... Kc2 {[%eval -445,0]} 62. a5 {[%eval -479,0]} d3 {[%eval -443,
0]} 63. a6 {[%eval -449,0]} d2 $4 {[%eval -86,0] Blunder. Rc3 was best.} (63...
Rc3 64. Rd8 Rc7 65. Ke3 f4+ 66. Kxf4 d2 67. Ke5 Ra7 68. Rxd2+ Kxd2 69. Kd5 Rxa6
70. Ke5) 64. Rc8+ {[%eval -87,0]} Kd1 {[%eval -92,0]} 65. Ra8 $4 {[%eval -493,
0] Blunder. Rc6 was best.} (65. Rc6 Ra1 66. Kf1 Ra4 67. Kf2 Rf4+ 68. Ke3 Ke1
69. Kxf4 d1=Q 70. Re6+ Kf2 71. Kxf5 Qd7) 65... Rc3 {[%eval -457,0]} 66. Rd8 {
[%eval -448,0]} Rc7 {[%eval -597,0]} 67. Ke3 {[%eval -429,0]} Ke1 {[%eval -423,
0]} 68. a7 {[%eval -647,0]} Rxa7 {[%eval -615,0]} 69. Rh8 {[%eval -6598,0]}
Ra3+ {[%eval -6675,0]} 70. Kd4 $6 {[%eval -32751,0] Checkmate is now
unavoidable. Kf4 was best.} (70. Kf4 d1=Q) 0-1

[Event "Kvika Reykjavik Open 2022"]
[Site "Reykjavik, Iceland"]
[Date "2022.04.09"]
[Round "5.14"]
[White "Sigamoney, Cyril S"]
[Black "Hjartarson, Johann"]
[Result "0-1"]
[WhiteElo "1960"]
[BlackElo "2465"]
[PlyCount "116"]
[EventDate "2022.??.??"]

1. d4 {[%eval 3,0]} Nf6 {[%eval 23,0]} 2. Bg5 {[%eval 0,0]} c5 {[%eval 22,0]}
3. d5 {[%eval 7,0]} g6 {[%eval 55,0]} 4. Nc3 {[%eval 54,0]} d6 {[%eval 65,0]}
5. e4 {[%eval 52,0]} Bg7 {[%eval 58,0]} 6. f4 $2 {[%eval 48,0] Mistake. Nf3
was best.} (6. Nf3 O-O 7. a4 e6 8. Bc4 h6 9. Bxf6 Qxf6 10. O-O Qe7) 6... O-O {
[%eval 0,0]} 7. Nf3 {[%eval 64,0]} Qb6 {[%eval 8,0]} 8. Rb1 {[%eval 27,0]} e6
$2 {[%eval 8,0] Mistake. c4 was best.} (8... c4) 9. Bxf6 {[%eval 73,0]} Bxf6 {
[%eval 41,0]} 10. Bc4 {[%eval 74,0]} Qb4 {[%eval 51,0]} 11. Nd2 {[%eval 66,0]}
Bxc3 {[%eval 65,0]} 12. bxc3 {[%eval 62,0]} Qxc3 {[%eval 43,0]} 13. O-O {
[%eval 41,0]} exd5 {[%eval 23,0]} 14. Bxd5 {[%eval 31,0]} Nc6 {[%eval 34,0]}
15. Rb3 {[%eval 56,0]} Qf6 {[%eval 33,0]} 16. Kh1 {[%eval 1,0]} Nb4 {[%eval 16,
0]} 17. Bc4 {[%eval 9,0]} Rb8 $2 {[%eval 102,0] Mistake. d5 was best.} (17...
d5 18. Bxd5) 18. a4 $4 {[%eval 33,0] Blunder. f5 was best.} (18. f5 Qg7) 18...
Be6 $2 {[%eval 83,0] Mistake. d5 was best.} (18... d5 19. Bxd5 Nxd5 20. exd5
Qd4 21. c4 Bf5 22. Qc1 Bd3 23. Rg1 Rfe8 24. Rc3 Be2 25. f5) 19. Rg3 {[%eval 42,
0]} Kh8 {[%eval 5,0]} 20. c3 {[%eval 49,0]} Nc6 {[%eval 28,0]} 21. Qc1 $2 {
[%eval 82,0] Mistake. f5 was best.} (21. f5 gxf5 22. exf5 Bxc4 23. Nxc4 Rg8 24.
Rh3 Qg5 25. g3 Rbd8 26. Nxd6 Rd7 27. Qd5 Qg4) 21... Bxc4 {[%eval 55,0]} 22.
Nxc4 {[%eval 94,0]} Qe6 {[%eval 66,0]} 23. Nd2 {[%eval -94,0]} f5 {[%eval -94,
0]} 24. Re3 {[%eval -99,0]} d5 $6 {[%eval 1,0] Inaccuracy. Rbe8 was best.} (
24... Rbe8 25. Rfe1) 25. e5 {[%eval 1,0]} b6 {[%eval 26,0]} 26. Nf3 {[%eval 22,
0]} h6 {[%eval 11,0]} 27. Rd1 {[%eval 0,0]} Rbd8 {[%eval 0,0]} 28. Qb2 {
[%eval 15,0]} Rd7 {[%eval 11,0]} 29. Red3 {[%eval 8,0]} Rfd8 {[%eval 16,0]} 30.
Qf2 {[%eval 1,0]} Kg7 {[%eval 0,0]} 31. h3 {[%eval 0,0]} Ne7 {[%eval 3,0]} 32.
Rg1 {[%eval 46,0]} Qc6 {[%eval 12,0]} 33. Qh4 {[%eval 0,0]} Rf8 {[%eval 0,0]}
34. Re1 {[%eval 8,0]} Qe6 {[%eval 0,0]} 35. Red1 {[%eval 13,0]} Rc7 {[%eval 17,
0]} 36. Kh2 {[%eval 27,0]} a6 $6 {[%eval 25,0] Inaccuracy. Qd7 was best.} (
36... Qd7 37. Ra1) 37. Qg3 {[%eval 55,0]} Rb8 {[%eval 27,0]} 38. Nh4 {[%eval
16,0]} b5 {[%eval 3,0]} 39. Rxd5 $4 {[%eval -336,0] Blunder. axb5 was best.} (
39. axb5 axb5) 39... Nxd5 {[%eval -353,0]} 40. Rxd5 {[%eval -347,0]} Rb6 $4 {
[%eval -88,0] Blunder. Qxd5 was best.} (40... Qxd5) 41. a5 {[%eval -97,0]} Rbc6
{[%eval -97,0]} 42. Qd3 {[%eval -82,0]} c4 {[%eval -86,0]} 43. Qd4 {[%eval 94,
0]} Kh7 {[%eval 83,0]} 44. Rd8 $2 {[%eval -200,0] Mistake. Nf3 was best.} (44.
Nf3 Rb7 45. Ne1 b4 46. cxb4 c3 47. Rc5 Rxc5 48. bxc5 Qc6 49. Qxc3 Rc7 50. Nf3
Qxc5) 44... b4 {[%eval -12,0]} 45. Rb8 $2 {[%eval -242,0] Mistake. Nf3 was
best.} (45. Nf3 b3) 45... Rd7 {[%eval -201,0]} 46. Qe3 {[%eval -272,0]} b3 {
[%eval -242,0]} 47. Nf3 {[%eval -362,0]} Qd5 $2 {[%eval -157,0] Mistake. Rcc7
was best.} (47... Rcc7) 48. Nd4 $4 {[%eval -413,0] Blunder. Qe1 was best.} (48.
Qe1) 48... Rcc7 {[%eval -452,0]} 49. Rb6 {[%eval -421,0]} Qxa5 $4 {[%eval -128,
0] Blunder. Rb7 was best.} (49... Rb7) 50. Rxg6 $4 {[%eval -962,0] Blunder.
Ne6 was best.} (50. Ne6) 50... Kxg6 {[%eval -998,0]} 51. e6 {[%eval -947,0]}
Rxd4 {[%eval -997,0]} 52. Qxd4 {[%eval -1058,0]} Qc5 {[%eval -982,0]} 53. Qd8 {
[%eval -995,0]} Qe7 {[%eval -1069,0]} 54. Qg8+ {[%eval -1024,0]} Qg7 {[%eval
-1008,0]} 55. Qe8+ {[%eval -1200,0]} Kh7 {[%eval -1041,0]} 56. Qh5 {[%eval
-1196,0]} b2 {[%eval -1039,0]} 57. Qxf5+ {[%eval -1009,0]} Qg6 {[%eval -1195,0]
} 58. Qe5 $6 {[%eval -32749,0] Checkmate is now unavoidable. Qxg6+ was best.} (
58. Qxg6+ Kxg6) 58... Rg7 {[%eval -32751,0]} 0-1

[Event "Kvika Reykjavik Open 2022"]
[Site "Reykjavik, Iceland"]
[Date "2022.04.09"]
[Round "5.15"]
[White "Berdnyk, Mariia"]
[Black "Yoo, Christopher Woojin"]
[Result "0-1"]
[WhiteElo "2287"]
[BlackElo "2532"]
[PlyCount "102"]
[EventDate "2022.??.??"]

1. d4 {[%eval 3,0]} d5 {[%eval 35,0]} 2. c4 {[%eval 36,0]} dxc4 {[%eval 33,0]}
3. e3 {[%eval 31,0]} e5 {[%eval 32,0]} 4. Bxc4 {[%eval 17,0]} Nc6 {[%eval 62,0]
} 5. d5 $6 {[%eval 12,0] Inaccuracy. Nf3 was best.} (5. Nf3 Bb4+ 6. Nc3 exd4 7.
exd4 Nf6 8. O-O O-O 9. h3 h6) 5... Na5 {[%eval 8,0]} 6. Qa4+ {[%eval 0,0]} c6 {
[%eval 2,0]} 7. dxc6 {[%eval 0,0]} Nxc6 {[%eval 15,0]} 8. Nf3 {[%eval 0,0]} Bd6
{[%eval 25,0]} 9. e4 {[%eval 31,0]} Nf6 {[%eval 28,0]} 10. O-O {[%eval 45,0]}
O-O {[%eval 49,0]} 11. h3 $6 {[%eval -88,0] Inaccuracy. Be3 was best.} (11. Be3
Nxe4) 11... Nxe4 {[%eval -85,0]} 12. Bxf7+ $6 {[%eval -15,0] Inaccuracy. Nc3
was best.} (12. Nc3 Nxc3) 12... Rxf7 {[%eval -1,0]} 13. Qxe4 {[%eval -147,0]}
Bf5 {[%eval -91,0]} 14. Qc4 {[%eval -175,0]} Be7 {[%eval -185,0]} 15. Qb3 {
[%eval -184,0]} Bd3 $6 {[%eval -94,0] Inaccuracy. Qd6 was best.} (15... Qd6)
16. Ng5 {[%eval -91,0]} Bxg5 {[%eval -88,0]} 17. Bxg5 {[%eval 96,0]} Qd7 {
[%eval 48,0]} 18. Rd1 {[%eval 48,0]} e4 {[%eval 53,0]} 19. Nc3 {[%eval 3,0]}
Nd4 {[%eval 3,0]} 20. Qd5 {[%eval 13,0]} Ne2+ {[%eval 36,0]} 21. Kh1 $6 {
[%eval -82,0] Inaccuracy. Kh2 was best.} (21. Kh2 Qc7+) 21... Qxd5 {[%eval -88,
0]} 22. Nxd5 {[%eval -92,0]} Rxf2 {[%eval 75,0]} 23. Nb4 {[%eval -73,0]} Bc4 {
[%eval -93,0]} 24. b3 {[%eval -74,0]} Be6 $6 {[%eval 36,0] Inaccuracy. Rf5 was
best.} (24... Rf5 25. Be3) 25. Rd6 {[%eval 46,0]} Re8 {[%eval 49,0]} 26. Be3 $2
{[%eval -1,0] Mistake. Re1 was best.} (26. Re1) 26... Ng3+ {[%eval -39,0]} 27.
Kh2 {[%eval -2,0]} Re2 {[%eval -199,0]} 28. Kxg3 {[%eval -188,0]} Rxe3+ {
[%eval -12,0]} 29. Kf2 {[%eval -18,0]} Rc3 {[%eval -2,0]} 30. Re1 {[%eval -182,
0]} e3+ {[%eval -7,0]} 31. Rxe3 $4 {[%eval -312,0] Blunder. Kg3 was best.} (31.
Kg3) 31... Rxe3 {[%eval -494,0]} 32. Kxe3 {[%eval -491,0]} a5 {[%eval -500,0]}
33. Nd3 {[%eval -471,0]} Bxb3+ {[%eval -445,0]} 34. Kd4 {[%eval -472,0]} Bxa2 {
[%eval -497,0]} 35. Kc5 {[%eval -431,0]} Bb1 {[%eval -349,0]} 36. Kb5 {[%eval
-339,0]} Re2 {[%eval -229,0]} 37. g4 {[%eval -369,0]} Bxd3+ {[%eval -232,0]}
38. Rxd3 {[%eval -396,0]} Ra2 {[%eval -372,0]} 39. Kb6 {[%eval -336,0]} a4 {
[%eval -321,0]} 40. Kxb7 {[%eval -475,0]} a3 {[%eval -448,0]} 41. Kc6 {[%eval
-421,0]} Ra1 {[%eval -439,0]} 42. Kd7 {[%eval -699,0]} a2 {[%eval -682,0]} 43.
Rd2 {[%eval -521,0]} Kf7 {[%eval -693,0]} 44. h4 {[%eval -684,0]} Kf6 {[%eval
-652,0]} 45. Kd8 {[%eval -619,0]} Ke5 {[%eval -678,0]} 46. Ke7 {[%eval -562,0]}
Kf4 {[%eval -618,0]} 47. Kf7 {[%eval -602,0]} Ke3 {[%eval -773,0]} 48. Rxa2 {
[%eval -5912,0]} Rxa2 {[%eval -5756,0]} 49. Kxg7 {[%eval -6588,0]} Ra7+ {
[%eval -6585,0]} 50. Kh6 $6 {[%eval -32731,0] Checkmate is now unavoidable.
Kf6 was best.} (50. Kf6 Kf4) 50... Kf4 {[%eval -32693,0]} 51. g5 {[%eval
-32739,0]} Kf5 {[%eval -32749,0]} 0-1

[Event "Kvika Reykjavik Open 2022"]
[Site "Reykjavik, Iceland"]
[Date "2022.04.09"]
[Round "5.16"]
[White "Maze, Sebastien"]
[Black "Doluhanova, Evgeniya"]
[Result "1-0"]
[WhiteElo "2524"]
[BlackElo "2280"]
[PlyCount "107"]
[EventDate "2022.??.??"]

1. d4 {[%eval 3,0]} Nf6 {[%eval 23,0]} 2. c4 {[%eval 2,0]} e6 {[%eval 23,0]} 3.
Nf3 {[%eval 0,0]} b6 {[%eval 29,0]} 4. a3 {[%eval 0,0]} Bb7 {[%eval 2,0]} 5.
Nc3 {[%eval 0,0]} d5 {[%eval 12,0]} 6. Bg5 {[%eval 14,0]} Be7 {[%eval 13,0]} 7.
Qa4+ {[%eval 12,0]} c6 {[%eval 2,0]} 8. Qc2 $2 {[%eval 83,0] Mistake. Bxf6 was
best.} (8. Bxf6 Bxf6 9. cxd5 exd5 10. g3 O-O 11. Bg2 g6 12. O-O Nd7) 8... Nbd7
$6 {[%eval 5,0] Inaccuracy. dxc4 was best.} (8... dxc4 9. e4) 9. cxd5 {[%eval
12,0]} Nxd5 {[%eval 11,0]} 10. Bxe7 {[%eval 9,0]} Qxe7 {[%eval 16,0]} 11. Nxd5
{[%eval 4,0]} cxd5 $6 {[%eval 63,0] Inaccuracy. exd5 was best.} (11... exd5 12.
e3 c5 13. dxc5 bxc5 14. Be2 O-O 15. O-O Rfc8 16. Rac1 a5 17. Rfd1 Rab8 18. h3)
12. e3 {[%eval 56,0]} O-O $2 {[%eval 212,0] Mistake. Qd6 was best.} (12... Qd6)
13. Qc7 {[%eval 196,0]} Bc8 {[%eval 219,0]} 14. Rc1 {[%eval 224,0]} Qd8 {
[%eval 205,0]} 15. Qxd8 {[%eval 203,0]} Rxd8 {[%eval 194,0]} 16. Rc7 {[%eval
184,0]} Nb8 $6 {[%eval 277,0] Inaccuracy. a6 was best.} (16... a6 17. Bd3 b5
18. Kd2 Nb6 19. b3 Bd7 20. Ne5 Be8 21. Rhc1 Rdc8 22. Rb7 Rxc1 23. Kxc1) 17. Ne5
$6 {[%eval 157,0] Inaccuracy. Kd2 was best.} (17. Kd2 Bd7 18. Bd3 Be8 19. Rhc1
Nd7 20. g4 Nf6 21. Ne5 Ne4+ 22. Bxe4 dxe4 23. g5 Rd5) 17... Bd7 {[%eval 183,0]}
18. Kd2 {[%eval 189,0]} Be8 {[%eval 148,0]} 19. Be2 {[%eval 131,0]} f6 {
[%eval 151,0]} 20. Nd3 {[%eval 107,0]} Na6 {[%eval 146,0]} 21. Rc3 {[%eval 157,
0]} Rdc8 {[%eval 107,0]} 22. Rhc1 {[%eval 204,0]} Rxc3 {[%eval 196,0]} 23. Rxc3
{[%eval 186,0]} Bb5 $2 {[%eval 328,0] Mistake. Kf7 was best.} (23... Kf7 24.
Nf4) 24. Bg4 $6 {[%eval 218,0] Inaccuracy. a4 was best.} (24. a4) 24... Re8 {
[%eval 239,0]} 25. Nf4 {[%eval 223,0]} f5 $6 {[%eval 357,0] Inaccuracy. Kf7
was best.} (25... Kf7) 26. Bh5 {[%eval 357,0]} g6 {[%eval 308,0]} 27. a4 {
[%eval 303,0]} Bc4 {[%eval 283,0]} 28. Bd1 $2 {[%eval 122,0] Mistake. Be2 was
best.} (28. Be2 Bxe2) 28... g5 $6 {[%eval 217,0] Inaccuracy. e5 was best.} (
28... e5) 29. Nh5 {[%eval 225,0]} Rf8 $6 {[%eval 300,0] Inaccuracy. Kf8 was
best.} (29... Kf8 30. b3) 30. f4 $2 {[%eval 155,0] Mistake. b3 was best.} (30.
b3) 30... h6 $2 {[%eval 305,0] Mistake. g4 was best.} (30... g4) 31. Ng3 $4 {
[%eval 38,0] Blunder. b3 was best.} (31. b3 Bf1 32. Rc6 Kf7 33. fxg5 hxg5 34.
h4 gxh4 35. Nf4 Nb4 36. Rxe6 Rh8 37. Re5 Kf6) 31... Nb4 {[%eval 59,0]} 32. Be2
{[%eval 54,0]} gxf4 {[%eval 3,0]} 33. exf4 {[%eval 27,0]} Rc8 {[%eval 43,0]}
34. b3 {[%eval 45,0]} Ba6 {[%eval 5,0]} 35. Rxc8+ {[%eval 3,0]} Bxc8 {[%eval
16,0]} 36. Nf1 {[%eval 22,0]} a5 {[%eval 27,0]} 37. Ne3 {[%eval 52,0]} Kf7 {
[%eval 34,0]} 38. h3 {[%eval 2,0]} Kf6 {[%eval 34,0]} 39. Bb5 {[%eval 31,0]} h5
$2 {[%eval 187,0] Mistake. Ba6 was best.} (39... Ba6 40. g4 fxg4 41. hxg4 Kg7
42. Kc3 Na2+ 43. Kc2 Nb4+ 44. Kd2 Bxb5 45. axb5 Kg6 46. Nd1) 40. h4 $2 {
[%eval 48,0] Mistake. Be8 was best.} (40. Be8 h4 41. Nf1 Na6 42. Bh5 Nc7 43.
Be2 Kg7 44. Nh2 Kg6 45. Kc2 Ne8 46. Nf3 Kh5) 40... Ba6 {[%eval 53,0]} 41. Nf1
$6 {[%eval 0,0] Inaccuracy. Be8 was best.} (41. Be8 Nd3 42. Bxh5 Nxf4 43. Bf3
Kg7 44. g3 Ng6 45. Ng2 Bf1 46. Ne1 Kh6 47. Bd1 Bh3) 41... Kg6 $2 {[%eval 101,0]
Mistake. Bxb5 was best.} (41... Bxb5 42. axb5 Na2 43. Ng3 Kg6 44. Kc2 Nb4+ 45.
Kc3 Na2+) 42. Ng3 $2 {[%eval 0,0] Mistake. Be8+ was best.} (42. Be8+ Kf6) 42...
Kh6 $4 {[%eval 427,0] Blunder. Bxb5 was best.} (42... Bxb5 43. axb5 Na2 44. Nh1
Kg7 45. Nf2 Kf7 46. Nd3 Ke7 47. Nb2 Kd7 48. Na4 Kc7 49. Kc2) 43. Nf1 $4 {
[%eval 0,0] Blunder. Bd7 was best.} (43. Bd7 Kg6) 43... Bb7 $2 {[%eval 122,0]
Mistake. Kg7 was best.} (43... Kg7 44. Ng3 Bxb5 45. axb5 Kg6 46. Nh1 Kf7 47.
Nf2 Ke7 48. Nd1 Na2 49. Nb2 Kd7 50. Na4) 44. Nh2 {[%eval 127,0]} Nc6 $6 {
[%eval 239,0] Inaccuracy. Na6 was best.} (44... Na6) 45. Nf3 {[%eval 234,0]}
Kg7 {[%eval 228,0]} 46. Kc3 {[%eval 249,0]} Kf6 {[%eval 326,0]} 47. Ne5 {
[%eval 357,0]} Nxe5 {[%eval 728,0]} 48. fxe5+ {[%eval 753,0]} Kg7 {[%eval 789,
0]} 49. Kd2 {[%eval 802,0]} Bc8 {[%eval 819,0]} 50. Ke3 {[%eval 833,0]} Kg6 {
[%eval 861,0]} 51. Kf4 {[%eval 869,0]} Kh6 {[%eval 845,0]} 52. Be8 {[%eval 843,
0]} Kg7 {[%eval 905,0]} 53. Kg5 {[%eval 887,0]} Ba6 {[%eval 903,0]} 54. Bb5 {
[%eval 900,0]} 1-0

[Event "Kvika Reykjavik Open 2022"]
[Site "Reykjavik, Iceland"]
[Date "2022.04.09"]
[Round "5.17"]
[White "Laurent-Paoli, Pierre"]
[Black "Roe, Simon J"]
[Result "1-0"]
[WhiteElo "2487"]
[BlackElo "2211"]
[PlyCount "81"]
[EventDate "2022.??.??"]

1. e4 {[%eval 33,0]} e5 {[%eval 12,0]} 2. Nf3 {[%eval 19,0]} d6 $6 {[%eval 82,
0] Inaccuracy. Nc6 was best.} (2... Nc6 3. Bb5 Nf6 4. d3 Bc5 5. c3 O-O 6. O-O
d5 7. Nbd2) 3. d4 {[%eval 57,0]} exd4 {[%eval 91,0]} 4. Nxd4 {[%eval 52,0]} Nf6
{[%eval 66,0]} 5. Nc3 {[%eval 69,0]} Be7 {[%eval 83,0]} 6. g3 {[%eval 67,0]}
O-O {[%eval 59,0]} 7. Bg2 {[%eval 75,0]} Bd7 {[%eval 79,0]} 8. O-O {[%eval 68,
0]} Re8 {[%eval 77,0]} 9. h3 {[%eval 65,0]} h6 {[%eval 72,0]} 10. g4 {[%eval
81,0]} c6 $6 {[%eval 145,0] Inaccuracy. Nc6 was best.} (10... Nc6 11. Nf5 Bf8
12. f4 Bxf5 13. gxf5 Qd7 14. b3 Rad8 15. Kh2 d5 16. e5 Nxe5 17. fxe5) 11. f4 {
[%eval 106,0]} d5 {[%eval 141,0]} 12. e5 {[%eval 135,0]} Nh7 {[%eval 157,0]}
13. Nce2 {[%eval 145,0]} Bc5 {[%eval 158,0]} 14. Kh1 {[%eval 159,0]} Na6 {
[%eval 148,0]} 15. Ng3 {[%eval 159,0]} Qb6 $6 {[%eval 221,0] Inaccuracy. f6
was best.} (15... f6 16. Ndf5 fxe5 17. fxe5 Rxe5 18. b4 Bxf5 19. Nxf5 Bf8 20.
a3 Nc7 21. c4 dxc4 22. Bf4) 16. c3 {[%eval 216,0]} Nc7 {[%eval 212,0]} 17. b4 {
[%eval 209,0]} Bxd4 {[%eval 197,0]} 18. cxd4 {[%eval 212,0]} Qxb4 {[%eval 221,
0]} 19. Be3 {[%eval 234,0]} Qa3 {[%eval 213,0]} 20. Rf3 {[%eval 201,0]} Nb5 $6
{[%eval 267,0] Inaccuracy. c5 was best.} (20... c5) 21. Bg1 {[%eval 289,0]} Qa5
{[%eval 323,0]} 22. a4 {[%eval 341,0]} Nc7 {[%eval 342,0]} 23. Nf5 {[%eval 329,
0]} Bxf5 {[%eval 334,0]} 24. gxf5 {[%eval 342,0]} Kh8 {[%eval 421,0]} 25. Rg3
$6 {[%eval 302,0] Inaccuracy. Bf2 was best.} (25. Bf2) 25... Rg8 {[%eval 335,0]
} 26. Qh5 $6 {[%eval 203,0] Inaccuracy. Bf2 was best.} (26. Bf2 Ne8 27. Rb1 Qc7
28. Rgb3 Qd7 29. Qc2 b6 30. a5 Nef6 31. exf6 Nxf6 32. axb6 axb6) 26... g6 {
[%eval 199,0]} 27. fxg6 {[%eval 237,0]} Rxg6 {[%eval 232,0]} 28. Rxg6 {[%eval
216,0]} fxg6 {[%eval 203,0]} 29. Qxg6 {[%eval 239,0]} Rg8 $2 {[%eval 451,0]
Mistake. Qd2 was best.} (29... Qd2 30. Qg3) 30. Qd3 {[%eval 422,0]} Ne6 {
[%eval 306,0]} 31. Rf1 {[%eval 425,0]} Qxa4 {[%eval 428,0]} 32. f5 {[%eval 354,
0]} Neg5 {[%eval 377,0]} 33. Be3 {[%eval 375,0]} Ne4 {[%eval 417,0]} 34. Bxe4 {
[%eval 398,0]} dxe4 {[%eval 391,0]} 35. Qxe4 {[%eval 381,0]} Qb3 $6 {[%eval
546,0] Inaccuracy. Qc4 was best.} (35... Qc4 36. Rf2 Qc3 37. Qf4 Qe1+ 38. Rf1
Qe2 39. Qf2 Qxf2 40. Bxf2 Ng5 41. Be3 Kg7 42. Rb1) 36. Qf3 {[%eval 481,0]} Ng5
$6 {[%eval 685,0] Inaccuracy. a5 was best.} (36... a5 37. Bxh6) 37. Bxg5 {
[%eval 668,0]} Qxf3+ {[%eval 688,0]} 38. Rxf3 {[%eval 649,0]} Rxg5 $6 {[%eval
1048,0] Inaccuracy. hxg5 was best.} (38... hxg5 39. f6) 39. f6 {[%eval 1085,0]}
Kg8 {[%eval 1154,0]} 40. f7+ {[%eval 6725,0]} Kf8 {[%eval 6701,0]} 41. e6 {
[%eval 32746,0]} 1-0